000 00832nam a22002057a 4500
999 _c2033
_d2033
003 AR-CdUCM
008 190228b ||||| |||| 00| 0 spa d
040 _aMUNICIPALIDAD PROVINCIAL DEL CUSCO
_cBIBLIOTECA MUNICIPAL DEL CUSCO
_e
082 _a349.853 /
_bV39
100 _aVelasco Nuñez, Manuel D.
_97371
245 _aCompilación de la legislación indígena concordada /
260 _aLima :
_bEdit: Medica peruana S.A.;
_c1959.
300 _a150 paginas ;
_c22 cm.
505 _aGarantías individuales -- Del ministerio de trabajo y asuntos indígenas -- Del registro oficial de comunidades --Del contrato de trabajo -- De la agricultura y ganadería ...
650 _aIndígenas del Perú
_95715
650 _aAspectos jurídicos
_95026
650 _aCompilación
_92867
942 _2ddc
_cLIBROS
945 _arum
_d2019-02-28